000 00727nam a2200277Ia 4500
003 OSt
005 20220912151458.0
006 a|||||r|||| 00| 0
007 ta
008 220909b |||||||| |||| 00| 0 eng d
024 _a49019
037 _cTextual
040 _aCSL
_beng
_cCSL
041 _aeng
082 _aI:11:(E), 113K3.2
100 _aHegnauer R
245 0 _aChemotaxonomie der pflanzen
260 _aBirkhauser
_bVerlag Basel und Stuttgart
_c1963
300 _a540p.
_ccm.
490 _aChemische Reihe; 16
650 _a Chemotaxonomie
650 _a Plant classification
650 _aBotany
942 _hI:11:(E), 113K3.2
_cTEXL
_2CC
999 _c69473
_d69473